000 00630nam a22002057a 4500
005 20251108170544.0
008 250721s1998 xx 000 0 ara d
082 1 4 _aط/ق
100 1 _aفيرن، جول
_eترجمة
245 1 0 _aحول العالم في 80 يوماً /
264 1 _aحلب :
_bدار ربيع للنشر،
_c[ 1998.
300 _a190 ص .
490 0 _aروايات عالمية للناشئة ؛
_v13
650 1 7 _aأدب الأطفال
650 1 7 _aالأدب المترجم
650 1 7 _aالروايات
653 _aناشئون كبار ( 15-18 سنة )
942 _2ddc
_cBK
999 _c43409
_d43409